000 00857nam0a22002531 4500
001 rc\2804049
005 20250806210450.0
035 _a(NLR Aleph) 006930031
090 _a35191
_c35191
100 _a20110915d1944 u y0rusy50 ca
101 0 _arus
102 _aRU
105 _ay z |||||
200 1 _aАгротехника посева озимых в Иркутской области
_fП. А. Яхтенфельд
210 _aИркутск
_cИркут. обл. изд-во
_d1944
215 _a22 с., без обл.
_d14 см.
700 1 _aЯхтенфельд
_bП.А.
_f1903-1974
_gПавел Александрович
801 0 _aRU
_bNLR
_gpsbo
801 1 _aRU
_bELAR
_2rusmarc
852 _aNLR
_jС50 Г-2/301
942 _cBOOK
945 _aРоссийская национальная библиотека
980 _aNB
980 _aBV